00641nam a22001697a 450000500170000001001080001702000260012503500230015103700130017408200080018710000150019524500820021025000120029226000360030427001110034030000200045120260601163743.0 aB-779989-0012 BACEN26  a9789356814516c475.00 aB-779989-0012  bplus pub a000 aRao, D.V.K aGenral studies paper-III :bfor Civil Services Main examination /cby DVK Rao a3rd ed. aHaryanabG.K Publicationsc2025 aPlot No. 63, Sector-27A, Near sector -28 Metro Station, FaridabadbHaryanae121003mgkp@gkpublications.com avp.c26cm (Pbk)